000 00695nam a2200241Ia 4500
001 16398
003 GE_BSU
008 181216s||||||||xx |||||||||||||| ||und||
020 _a9781461423560( eBook)
040 _cGE_BSU
080 _a57
245 _aLaboratory Protocols in Fungal Biology
245 _bCurrent Methods in Fungal Biology
245 _cEditors:Vijai Kumar Gupta, Maria G. Tuohy, Manimaran Ayyachamy, Kevin M. Turner, Anthonia O’Donovan
260 _aNew York
260 _bSpringer Science & Business Media
260 _c2012
300 _a604 pages:ill;26cm.
541 _h525gel.
653 _aFungal Biology
653 _aბიოლოგია
942 _cBK
999 _c49474
_d49474